| 000 | 00737nam a2200265 i 4500 | ||
|---|---|---|---|
| 001 | 16058 | ||
| 003 | ES-MaACL | ||
| 005 | 20230906151233.0 | ||
| 007 | t| | ||
| 008 | 000620s1999 sp ||||0| spa j | ||
| 020 | _a84-239-9746-4 | ||
| 040 |
_aM-BN _bspa _cM-BN |
||
| 080 | _a008(460) | ||
| 080 | _a323.17(460) | ||
| 100 | 1 |
_aTusell, Javier. _9111767 |
|
| 245 | 1 | 0 |
_aEspaña, una angustia nacional / _cJavier Tusell. |
| 260 |
_aMadrid : _bEspasa-Calpe, _c[1999] |
||
| 300 |
_a272 p. ; _c23 cm. |
||
| 490 | 1 | _aEspasa fórum | |
| 650 | 1 | 4 |
_aIdentidad cultural- _zEspaña. _913537 |
| 650 | 1 | 4 |
_aNacionalismo- _zEspaña. _915447 |
| 830 | 0 |
_aEspasa fórum _9179708 |
|
| 852 |
_aES-MaACL _jL-23301 _bR.128407 |
||
| 999 |
_c16058 _d16058 |
||